00605 a2200157 4500010001400000020002200014035001300036037001500049082001100064100001900075245013200094260007100226270007400297300002900371500004700400 aENG-88058 a8172084609c45.00 aEN-71591 bDBAD / PUB14a230.351 aRoof, Jonathan1 aPathways to God :ban advanced study guide to selected teachings of Sri Sathya Sai Baba on self-realisation /cby Jonathan Roof aPrasanthi NilayambSri Sathya Sai Books & Publications Trustc2006 aPrasanthi Nilayam, P.O. / Anantapur DistrictbAndhra Pradeshe515 134 axii, 345 p.c21 cm (Pbk) aIncludes bibliography, glossary and index